| 000 | 00343nam a22001457a 4500 | ||
|---|---|---|---|
| 020 | _a978-81-264-5346-7 | ||
| 082 |
_a823 _bPRE/S |
||
| 100 | _aPREUITT, SHEELA | ||
| 100 | _aRAM, PRABA | ||
| 245 | _aSAFFROPN-PICKING, KHADI - WEAVING | ||
| 260 |
_aKOTTAYAM _bD C BOOKS |
||
| 300 | _a56 | ||
| 650 |
_aENGLISH SHORT STORY _zKOTTAYAM |
||
| 942 | _cBK | ||
| 999 |
_c3256 _d3256 |
||